000 00451nam a2200169Ia 4500
008 230711s9999||||xx |||||||||||||| ||und||
041 _aENG
082 _a621.3815
_bMI-M
100 _aMillman,Jacob
245 0 _aMillman electronic devices and circuits
250 _a2nd . Ed.
260 _c1967
_aNew Delhi
_bTata McGraw Hill Education Limited
300 _a656
650 _aElectronics Engineering
700 _aHalkias Christos C
942 _cBK
999 _c4681
_d4681